Mots de la langue française terminés par "oche" - Statistiques

Statistiques générales
  • Ce quiz a été pris 278 fois
  • Le résultat moyen est 18 sur 32
Statistiques - réponses
Indice Mot % Correct
très laid moche
91%
allemand (péjoratif) boche
90%
tête (familier) caboche
79%
cantine (argot) cantoche
79%
note de musique croche
75%
gosse (familier) mioche
75%
bijou broche
74%
pierre roche
74%
gâteau brioche
73%
outil de terrassier pioche
68%
valise (familier) valoche
68%
viande (familier) bidoche
66%
voisin proche
66%
gifle (familier) taloche
65%
petit sac poche
64%
véhicule coche
60%
peur (familier) pétoche
57%
titi parisien Gavroche
55%
limace loche
55%
bourdon cloche
54%
filature (familier) filoche
51%
chaussure galoche
48%
incident anicroche
47%
aisé (familier) fastoche
44%
calédonien (familer) caldoche
43%
spectacle (familier) cinoche
43%
remontrance reproche
42%
pantin fantoche
24%
démarche approche
19%
cran encoche
19%
poisson épinoche
13%
gros marteau mailloche
9%
Aucun quiz correspondant
Distribution des résultats
% des personnes avec chaque résultat
Percentile par nombre de réponses
Votre historique - résultats
Vous n’avez pas pris ce quiz